Gdzie jest więcej ludzi - Europa - Statystyki

Ogólne statystyki
  • Ten quiz został rozwiązany 349 razy
  • Średni wynik to 7 z 15
Statystyki odpowiedzi
Zagadnienie Odpowiedź % Poprawnych
Mołdawia czy Chorwacja? Chorwacja
77%
Albania czy Litwa? Albania
69%
Polska, Ukraina, Hiszpania czy UK? UK
69%
Czarnogóra, Luksemburg, czy Estonia? Estonia
54%
San Marino, Gibraltar czy Liechtenstein? Liechtenstein
54%
Serbia czy Szwajcaria? Serbia
54%
Białoruś czy Węgry? Węgry
46%
Monako, Wyspy Owcze, Andora czy San Marino? Andora
38%
Czechy czy Grecja? Czechy
38%
Austria, Szwecja, Dania czy Finlandia Szwecja
38%
Słowacja, Norwegia czy Irlandia Słowacja
31%
Irlandia, Mołdawia, Bośnia i Hercegowina czy Słowacja? Słowacja
31%
Malta, Luksemburg, czy Islandia? Luksemburg
23%
Grecja, Czechy, Belgia czy Szwecja? Belgia
15%
Macedonia, Słowenia czy Łotwa? Macedonia
15%
Nie znaleziono quizów pasujących do podanych kryteriów
Rozkład punktacji
Procent ludzi z każdym wynikiem
Percentyl według liczby udzielonych odpowiedzi
Twoja historia wyników
Nie rozwiązałeś tego quizu